[Event "GER-chT U10"]
[Site "Magdeburg"]
[Date "2021.08.06"]
[Round "1.2"]
[White "Ebel, Felix"]
[Black "Barthel, Jacob"]
[Result "0-1"]
[WhiteElo "955"]
[BlackElo "1321"]
[PlyCount "44"]
[EventDate "2021.08.06"]
[EventType "team-swiss"]
[EventRounds "7"]
[EventCountry "GER"]
[SourceTitle "EXT 2022"]
[Source "ChessBase"]
[SourceDate "2021.10.06"]
[SourceVersion "1"]
[SourceVersionDate "2021.10.06"]
[SourceQuality "1"]
[WhiteTeam "Lehrte"]
[BlackTeam "Nauen Hellas"]
[WhiteTeamCountry "GER"]
[BlackTeamCountry "GER"]

1. e4 e5 2. Bc4 Bc5 3. Qh5 Qf6 4. Nf3 d6 5. d3 Be6 6. Bg5 Qg6 7. Qxg6 hxg6 8. Bxe6 fxe6 9. Nc3 a6 10. Be3 Bxe3 11. fxe3 Nc6 12. 0-0 Nf6 13. Ng5 Kd7 14. h3 Raf8 15. Rad1 Rh5 16. Nf3 g5 17. g4 Rxh3 18. d4 Nxg4 19. Nxe5+ Ncxe5 20. Rxf8 Rg3+ 21. Kh1 Nf3 22. Ne2 Nf2# 0-1